O Processo De Negociação Nas Organizações Num Contexto Actual (Record no. 2200)

MARC details
000 -Etiqueta do registo
Campo de controlo de comprimento fixo 00495 a2200157 4500
020 ## - ISBN (NÚMERO DE LIVRO PADRÃO INTERNACIONAL)
ISBN N/S
040 ## - Fonte de Catalogação
Agência de catalogação Biblioteca de Posgraduação- Universidade Lusíada de Angola
082 ## - DEWEY DECIMAL CLASSIFICATION NUMBER
Número de classificação 658.3
100 ## - Nome Pessoal
9 (RLIN) 1027
Autor Fontana , Mr̀cia Paulino Lepek Bez
245 ## - Declaração de Título
Título O Processo De Negociaȯ̂ Nas Organizaė̳s Num Contexto Actual
260 ## - Publicação e Destribuíção
Editor/distribuidor Universidade Do Extremo Sul Catarinense.
300 ## - Descrição Física
Nº Pág. 13
650 ## - MATERIA
MATERIA Recursos Humanos
670 ## - Acceso eletrónico
Acceso electrónico <a href="https://drive.google.com/file/d/1yD6UKVRIobS8jCZ9nc5p1MD5Zt7Xvt2g/view?usp=sharing">https://drive.google.com/file/d/1yD6UKVRIobS8jCZ9nc5p1MD5Zt7Xvt2g/view?usp=sharing</a>
942 ## - - Elementos de entrada adicionados (koha)
Tipo de documento Livros eletrônicos
Holdings
Withdrawn status Lost status Source of classification or shelving scheme Damaged status Not for loan Permanent Location Current Location Date acquired Total Checkouts Date last seen Uniform Resource Identifier Price effective from Koha item type
    Dewey Decimal Classification     Biblioteca Geral- Universidade Lusíada de Angola Biblioteca Geral- Universidade Lusíada de Angola 16/04/2026   16/04/2026 https://drive.google.com/file/d/1yD6UKVRIobS8jCZ9nc5p1MD5Zt7Xvt2g/view?usp=sharing 16/04/2026 Livros eletrônicos